000 01859nam a2200193Ia 4500
003 OSt
005 20210722113215.0
008 210310s1994 ck ad gr 100 0 spa d
040 _aCO-JMCR
_cCO-JMCR
041 0 _aspa
082 0 4 _a332.6322 /
_bE562m
_223
111 2 _aEncuentro Nacional de Comisionistas
_d(1994 :
_cCartagena)
_938642
245 1 0 _aIX Memorias Encuentro Nacional de Comisionistas /
260 _aCartagena :
_bBolsa de Occidente : Bolsa de Bogotá : Bolsa de Medellín,
_c1994
300 _a132 páginas :
_bilustraciones y gráficas a blanco y negro ;
_c28 cm.
505 0 _tDiscurso de instalación al IX Encuentro Nacional de Comisionistas de Bolsa /
_rDr. Guillermo Perry Rubio, Ministro de Hacienda y Crédito Público
_tLa economía y el mercado bursátil: desafíos y responsabilidades /
_rDr. Carlos Caballero Argáez, Presidente de la Bolsa de Bogotá
_tLa ética y la autorregulación de las Bolsas como elemento indispensable en el desarrollo del mercado /
_rLicenciado Julián Bernal Molina, Presidente de la Academia Mexicana de Derecho Bursátil y de los Mercados Financieros
_tOportunidades y consideraciones en la creación y promoción de los fondos de valores /
_rDr. Oscar Falleroni, Presidente de la Cámara Argentina de Fondos Comunes de Inversión y Gerente General de Cifeba
_tPalabras del Doctor Julián Domínguez /
_rJulián Domínguez, Presidente de la Bolsa de Occidente S.A
_tEstrategias para el desarrollo de un mercado bursátil emergente /
_rDr. Pablo Yrarrázabal Valdés, Presidente de la Bolsa de Comercio de Santiago de Chile
_tIntervención del Señor Presidente de la Bolsa de Valores de Medellín /
_rLuis Fernando Uribe Restrepo
_tDiscurso del Nuevo Superintendente de Valores /
_rDr. Andrés Uribe Arango
650 1 4 _aBolsa de valores
_916246
_vCongresos, conferencias, etc.
_zColombia
942 _2ddc
_cBK
999 _c8068
_d8068